Statystyki dla Języki oficjalne RPA

Kliknij tutaj aby rozwiązać quiz!

Ogólne statystyki

  • Ten quiz został rozwiązany 52 razy
  • Średni wynik to 5 z 11

Statystyki odpowiedzi

RodzinaJęzyk% Poprawnych
Germańskiangielski
96%
Germańskiafrykanerski
82%
Bantuzuluski
73%
Bantuxhosa
47%
Bantutswana
42%
Bantuswazi
38%
Bantusotho
36%
Bantundebele
31%
Bantutsonga
29%
Bantupedi
18%
Bantuvendi
0%

Rozkład punktacji

Percentyl według liczby udzielonych odpowiedzi

Procent ludzi z każdym wynikiem

Twoja historia wyników

Nie rozwiązałeś tego quizu